Identitás és hit
Elmentve itt :
| Szerző: | |
|---|---|
| Adatforrás: | Meister |
| Forrásdokumentuma: | Antropológiai Műhely. - 3 sz., 1993, 33-41 p. |
| Nyelv: | magyar |
| Kulcsszavak: | antropológia nemzeti identitás másság hit etnográfia Kelet & Nyugat magyarságkép (román) román magyarságkép románok cigányságkép jugoszláv válság ortodoxia idegenség cigányok ORTEGA Y GASSET Jose LEVI-STRAUSS Claude |
| LEADER | 00795nab a2200301 i 4500 | ||
|---|---|---|---|
| 001 | bibPRO00010359 | ||
| 008 | 060524s1993 xx hun | ||
| 040 | |a Sz1 | ||
| 041 | |a hun | ||
| 100 | 1 | |a MIHAILESCU Vintil | |
| 245 | 1 | 0 | |a Identitás és hit |c MIHAILESCU Vintil |
| 695 | |a antropológia | ||
| 695 | |a nemzeti identitás | ||
| 695 | |a másság | ||
| 695 | |a hit | ||
| 695 | |a etnográfia | ||
| 695 | |a Kelet & Nyugat | ||
| 695 | |a magyarságkép (román) | ||
| 695 | |a román magyarságkép | ||
| 695 | |a románok | ||
| 695 | |a cigányságkép | ||
| 695 | |a jugoszláv válság | ||
| 695 | |a ortodoxia | ||
| 695 | |a idegenség | ||
| 695 | |a cigányok | ||
| 695 | |a ORTEGA Y GASSET Jose | ||
| 695 | |a LEVI-STRAUSS Claude | ||
| 773 | 0 | |t Antropológiai Műhely. - |g 3 sz., 1993, 33-41 p. | |